000 01802nam a2200469 i 4500
001 ELB80214
003 FlNmELB
006 m o d |
007 cr cnu||||||||
008 140901s2009 ec o 001 0 spa d
020 _z9789978845004
020 _z9789978192320
020 _a9789978847305 (e book)
035 _a(MiAaPQ)EBC3220462
035 _a(Au-PeEL)EBL3220462
035 _a(CaPaEBR)ebr10876846
035 _a(OCoLC)992103079
040 _aFINmELB
_bspa
_erda
_cFINmELB
050 4 _aHD6622
_bO969 2009
080 _a331(862)
082 0 _a331.8809861
_223
100 1 _aOviedo Hernández, álvaro.
245 1 0 _aSindicalismo colombiano :
_biglesia e ideario católico, 1945-1957 /
_cálvaro Oviedo Hernández.
264 1 _aQuito :
_bCorporación Editora Nacional :
_bUniversidad Andina Simón Bolivar (sede Ecuador),
_c2009.
300 _a1 recurso en línea (199 páginas)
336 _atexto
_btxt
_2rdacontent/spa
337 _acomputadora
_bc
_2rdamedia/spa
338 _arecurso en línea
_bcr
_2rdacarrier/spa
490 1 _aBiblioteca de Historia ;
_vvolumen 27
500 _aContiene índice.
588 _aDescripción basada en recurso en línea; Título de la página del título en PDF (e-libro, visto August 1, 2014).
590 _aRecurso electrónico. Santa Fe, Arg.: e-libro, 2015. Disponible vía World Wide Web. El acceso puede estar limitado para las bibliotecas afiliadas a e-libro.
650 0 _aLabor unions
_zColombia
_xHistory.
650 0 _aCatholic Church
_zColombia
_xHistory.
650 4 _aSindicato.
650 4 _aIglesia.
651 4 _aColombia.
655 4 _aLibros electrónicos.
797 2 _ae-libro, Corp.
830 0 _aBiblioteca de Historia ;
_vvolumen 27.
856 4 0 _uhttps://elibro.net/ereader/usam/80214
999 _c148774
_d148774